000 00665nam a2200217 4500
003 OSt
005 20240724053015.0
006 a
008 240724b |||||||| |||| 00| 0 eng d
020 _a9789715848640
040 _aDWCL-Main lib.
_cOC
082 _2Fourth edition
_aCirc. 611 G643e 2009
100 _aGonzales, Eduardo G.
245 _aEsteban and Gonzales Textbook of histology /
250 _aFourth edition
260 _aQuezon City :
_bC & E Pab., Inc.,
_cc2009.
300 _ax,
_b325 p. : ill. ;
_c26 cm.
504 _aIncludes bibliographical references & index.
650 _a1. Histology.
942 _2ddc
_n0
_cBK - FIL
_eFourth edition
_kFil.
999 _c2652
_d2652